| 000 | 01097nam a22002657a 4500 | ||
|---|---|---|---|
| 005 | 20170124102952.0 | ||
| 010 | _aA-885604 | ||
| 020 |
_c80.00 _a8170163889 |
||
| 035 | _aA-885604 | ||
| 037 | _bCen Lib/Ret | ||
| 040 |
_aDPL _bHN |
||
| 082 |
_aउ _bदेवीम |
||
| 100 |
_aदेवी, महाश्वेता _942810 |
||
| 245 |
_aआई,पी.सी. 375 / _cमहाश्वेता देवी; अनुवादक महेश्वर |
||
| 246 |
_aI.P.C. 375 / _bby Mahashweta Devi; anuvadal Maheshwar |
||
| 260 |
_aनयी दिल्ली _bकिताबघर _c1997 |
||
| 270 |
_a२४, अंसारी रोड, दरयागंज _bनयी दिल्ली _e110002 |
||
| 300 |
_a128पृ. _c20सेमी(सजिल्द ) |
||
| 650 |
_aहिंदी साहित्य _x _z _951896 |
||
| 650 |
_aहिंदी उपन्यास _951897 |
||
| 650 |
_aHindi literature _v _951898 |
||
| 650 |
_aHindi fiction _927248 |
||
| 700 |
_aमहेश्वर _951899 |
||
| 942 |
_2ddc _cHN _hउ _mदेवीम |
||
| 999 |
_c113361 _d113361 |
||